zpět

Detail výsledku týmu

MusiClub Drago, Nový Jičín

Datum a čas kvízu

27 Celkem bodů Celkový počet nahraných bodů na tomto kvízu bez doplňovacích otázek.
9. Pořadí na kvízu Konečné umístění týmu na tomto kvízu.

Zaznamenané odpovědi

# Otázka Odpověď Body Výsledky
1. Český premiér Andrej Babiš při... o pistoli 1
2. Předsedkyně ruského parlamentn... Čajkovskij 0
3. Poté, co skončil úspěšný seriá... Zkáza Dejvického divadla 1
4. Nultý den na ženevském výstavi... B 0
5. Ve středečních zápasech Ligy m... Penalty byly nařízeny s pomocí videa. 1
6. V prvních čtyřech otázkách tém... Alois Jirásek, Staré pověsti české 0
7. "Ačkoli nemám rád všechna ta p... Zdeněk Jirotka, Saturnin 1
8. "Mé nejstarší vzpomínky... To... Karel Čapek, Hovory s TGM 0
9. „Drva hlaďúnký, bílúnký, a tak... Rudolf Těsnohlídek, Liška Bystrouška 0
10. "V jednom kupé druhé třídy ryc... B 1